[Event "Seville op 49th"]
[Site "Seville"]
[Date "2024.01.14"]
[Round "3"]
[White "Mitusov, Semen"]
[Black "Marie, Maxime"]
[Result "1-0"]
[WhiteElo "2479"]
[BlackElo "2204"]
[PlyCount "79"]
[EventDate "2024.01.12"]
[EventType "swiss"]
[EventRounds "9"]
[EventCountry "ESP"]
[SourceTitle "CB04_2024"]
[SourceDate "2023.10.16"]
[SourceVersion "1"]
[SourceVersionDate "2023.10.16"]
[SourceQuality "1"]

1. e4 c6 2. d4 d5 3. Nc3 dxe4 4. Nxe4 Nf6 5. Nxf6+ exf6 6. c3 Bd6 7. Bd3 0-0 8. Qc2 Re8+ 9. Ne2 h5 10. 0-0 h4 11. Nf4 Nd7 12. Qd1 g6 13. Nxg6 fxg6 14. Bxg6 Re7 15. Bh6 Nf8 16. Qh5 Be6 17. Rfe1 Qd7 18. Re4 Rg7 19. Bxg7 Qxg7 20. Bf5 Bxf5 21. Qxf5 Qh6 22. Rae1 Kf7 23. Qh3 Rd8 24. Rxh4 Qg6 25. g3 Rd7 26. Rhe4 f5 27. Re8 Re7 28. R8xe7+ Bxe7 29. Re5 f4 30. Rf5+ Bf6 31. Rxf4 Qb1+ 32. Kg2 Qxa2 33. Qh5+ Ke7 34. Qc5+ Kf7 35. Rxf6+ Kxf6 36. Qxf8+ Kg6 37. Qd6+ Kh5 38. Qf6 Qb1 39. h3 a5 40. g4# 1-0

[Event "EU-ch Rapid"]
[Site "Katowice"]
[Date "2022.12.17"]
[Round "3"]
[White "Marie, Maxime"]
[Black "Stefanova, Antoaneta"]
[Result "0-1"]
[WhiteElo "2175"]
[BlackElo "2442"]
[PlyCount "54"]
[EventDate "2022.12.17"]
[EventType "swiss (rapid)"]
[EventRounds "11"]
[EventCountry "POL"]
[SourceTitle "CBM 211 Extra"]
[Source "ChessBase"]
[SourceDate "2023.01.31"]
[SourceVersion "1"]
[SourceVersionDate "2023.01.31"]
[SourceQuality "1"]

1. c4 c6 2. e4 d5 3. exd5 cxd5 4. d4 Nf6 5. Nc3 g6 6. Nf3 Bg7 7. cxd5 Nxd5 8. Bb5+ Nc6 9. Ne5 Qd6 10. 0-0 0-0 11. Re1 Nxc3 12. bxc3 Nxe5 13. dxe5 Qxd1 14. Rxd1 Bxe5 15. Ba3 Bf6 16. Re1 Be6 17. Rxe6 fxe6 18. Bc4 Kg7 19. Bxe6 Bxc3 20. Rc1 Bd4 21. Rc2 Rf6 22. Bd5 Rd8 23. Bf3 Rd7 24. h4 e5 25. Rc8 e4 26. Bxe4 Bxf2+ 27. Kh2 Rf4 0-1

[Event "EU-ch Blitz"]
[Site "Katowice"]
[Date "2022.12.16"]
[Round "6"]
[White "Marie, Maxime"]
[Black "Krzyzanowski, Marcin"]
[Result "0-1"]
[WhiteElo "2175"]
[BlackElo "2538"]
[PlyCount "164"]
[EventDate "2022.12.16"]
[EventType "swiss (blitz)"]
[EventRounds "22"]
[EventCountry "POL"]
[SourceTitle "CBM 211 Extra"]
[Source "ChessBase"]
[SourceDate "2023.01.31"]
[SourceVersion "1"]
[SourceVersionDate "2023.01.31"]
[SourceQuality "1"]

1. c4 e5 2. Nc3 Nf6 3. Nf3 Nc6 4. e3 d6 5. h3 g6 6. d4 exd4 7. exd4 Bg7 8. Be2 0-0 9. 0-0 Ne7 10. d5 a6 11. Bf4 Nd7 12. Qd2 Rb8 13. Bh6 Bxh6 14. Qxh6 Nf5 15. Qd2 Re8 16. Rfe1 Ne5 17. Nxe5 dxe5 18. Bd3 Nd4 19. Ne2 Nxe2+ 20. Rxe2 b5 21. Rae1 bxc4 22. Bxc4 Qd6 23. Qc3 f6 24. f4 Rb4 25. b3 Bd7 26. fxe5 fxe5 27. Rxe5 Rxe5 28. Rxe5 a5 29. Qe3 a4 30. Re7 axb3 31. axb3 Rb8 32. Qe5 Qxe5 33. Rxe5 Kf8 34. Kf2 Ra8 35. Kg3 Ra1 36. Re3 Rd1 37. Kf4 Rd2 38. Re2 Rd1 39. Ke5 Ke7 40. Rf2 Re1+ 41. Kf4 Kd6 42. Kg5 Re5+ 43. Kh6 Rh5+ 44. Kg7 Bc8 45. Rf6+ Ke7 46. Rf7+ Kd6 47. Kg8 Rg5 48. Kxh7 Rxg2 49. Rf6+ Ke5 50. Rc6 Bxh3 51. Rxc7 g5 52. Re7+ Kd6 53. Rg7 Bf5+ 54. Kh6 g4 55. Kg5 Bd7 56. Kf4 Rf2+ 57. Ke3 Rf3+ 58. Ke4 Bf5+ 59. Kd4 g3 60. Rg5 Ke7 61. Ke5 Bh7 62. d6+ Kd8 63. Rg7 Re3+ 64. Kd4 Re4+ 65. Kd5 Rh4 66. Kc5 Rh5+ 67. Kb6 Rh6 68. Kc6 Be4+ 69. Kc5 g2 70. Rg8+ Kd7 71. Bb5+ Ke6 72. d7 Rh5+ 73. Kd4 Rxb5 74. d8Q Rd5+ 75. Qxd5+ Bxd5 76. b4 Bc6 77. Rg6+ Kf5 78. Rg8 Bf3 79. b5 Bg4 80. Rf8+ Kg5 81. Rg8+ Kh4 82. Rh8+ Kg3 0-1

[Event "Reykjavik Kvika op"]
[Site "Reykjavik"]
[Date "2022.04.12"]
[Round "9"]
[White "Marie, Maxime"]
[Black "Briem, Stephan"]
[Result "0-1"]
[WhiteElo "2150"]
[BlackElo "2048"]
[PlyCount "82"]
[EventDate "2022.04.06"]
[EventType "swiss"]
[EventRounds "9"]
[EventCountry "ISL"]
[SourceTitle "CBM 207 Extra"]
[Source "ChessBase"]
[SourceDate "2022.05.31"]
[SourceVersion "1"]
[SourceVersionDate "2022.05.31"]
[SourceQuality "1"]

1. c4 c6 2. g3 d5 3. Bg2 Nf6 4. d4 g6 5. Nf3 Bg7 6. Nc3 dxc4 7. Ne5 0-0 8. Nxc4 Be6 9. Qd3 Nd5 10. a3 Nb6 11. Nxb6 axb6 12. Be3 b5 13. 0-0 Bc4 14. Qc2 e6 15. Rad1 Bd5 16. f3 Qa5 17. Ne4 Nd7 18. Nf2 Qa4 19. Qc1 e5 20. dxe5 Nxe5 21. Bh6 Qc4 22. Bxg7 Qxc1 23. Rxc1 Kxg7 24. e4 Bc4 25. Rfe1 Rfd8 26. f4 Nd3 27. Nxd3 Rxd3 28. Bf1 Rd2 29. Bxc4 bxc4 30. Red1 Rxb2 31. Rxc4 Rxa3 32. e5 Raa2 33. f5 gxf5 34. Rh4 b5 35. Kh1 c5 36. g4 f4 37. g5 Rf2 38. e6 fxe6 39. Kg1 f3 40. Rh6 Rfd2 41. Rf1 b4 0-1

[Event "Reykjavik Kvika op"]
[Site "Reykjavik"]
[Date "2022.04.11"]
[Round "8"]
[White "Kolbus, Dietmar"]
[Black "Marie, Maxime"]
[Result "1-0"]
[WhiteElo "2312"]
[BlackElo "2150"]
[PlyCount "67"]
[EventDate "2022.04.06"]
[EventType "swiss"]
[EventRounds "9"]
[EventCountry "ISL"]
[SourceTitle "CBM 207 Extra"]
[Source "ChessBase"]
[SourceDate "2022.05.31"]
[SourceVersion "1"]
[SourceVersionDate "2022.05.31"]
[SourceQuality "1"]

1. c4 c6 2. Nf3 d5 3. b3 Bg4 4. Bb2 Nf6 5. e3 e6 6. Be2 Nbd7 7. 0-0 Bd6 8. d4 0-0 9. Ne5 Bf5 10. Nd2 a5 11. a3 h6 12. c5 Bc7 13. b4 Nxe5 14. dxe5 Nd7 15. f4 b6 16. Nb3 bxc5 17. Nxc5 Nxc5 18. bxc5 a4 19. Bd4 f6 20. exf6 gxf6 21. Bg4 Bxg4 22. Qxg4+ Kf7 23. Qh5+ Ke7 24. Qxh6 Rf7 25. Rab1 Kd7 26. Qg6 Qf8 27. Rb7 Rb8 28. Rfb1 Rxb7 29. Rxb7 Kc8 30. Qb1 e5 31. Ra7 Kd7 32. Qf5+ Ke8 33. Qc8+ Bd8 34. Qxc6+ 1-0

[Event "Reykjavik Kvika op"]
[Site "Reykjavik"]
[Date "2022.04.10"]
[Round "6"]
[White "Hughes, Anthony"]
[Black "Marie, Maxime"]
[Result "0-1"]
[WhiteElo "1869"]
[BlackElo "2150"]
[PlyCount "84"]
[EventDate "2022.04.06"]
[EventType "swiss"]
[EventRounds "9"]
[EventCountry "ISL"]
[SourceTitle "CBM 207 Extra"]
[Source "ChessBase"]
[SourceDate "2022.05.31"]
[SourceVersion "1"]
[SourceVersionDate "2022.05.31"]
[SourceQuality "1"]

1. c4 e5 2. Nc3 Nf6 3. g3 Bc5 4. Nf3 d6 5. Bg2 a6 6. 0-0 Nc6 7. e3 Ba7 8. d4 Bg4 9. h3 Bxf3 10. Bxf3 Qd7 11. Kh2 0-0 12. d5 Nd8 13. Qd3 g6 14. e4 Kg7 15. Bg5 Ng8 16. b4 Bd4 17. Be3 Bxe3 18. Qxe3 f5 19. c5 Nf7 20. a4 Nf6 21. b5 f4 22. c6 fxe3 23. cxd7 Nxd7 24. Bg4 Nc5 25. fxe3 Ng5 26. bxa6 bxa6 27. Kg2 Ngxe4 28. Nxe4 Nxe4 29. a5 Nc5 30. Be2 Rxf1 31. Rxf1 Rb8 32. Kf3 Rb2 33. Ra1 e4+ 34. Kf2 Kf6 35. g4 Ke5 36. Rd1 Nd3+ 37. Kf1 Kxd5 38. Bxd3 exd3 39. Rxd3+ Ke4 40. Rc3 c5 41. h4 Kf3 42. Ke1 Re2+ 0-1

[Event "Reykjavik Kvika op"]
[Site "Reykjavik"]
[Date "2022.04.07"]
[Round "3"]
[White "Mishra, Abhimanyu"]
[Black "Marie, Maxime"]
[Result "1-0"]
[WhiteElo "2524"]
[BlackElo "2150"]
[PlyCount "47"]
[EventDate "2022.04.06"]
[EventType "swiss"]
[EventRounds "9"]
[EventCountry "ISL"]
[SourceTitle "CBM 207 Extra"]
[Source "ChessBase"]
[SourceDate "2022.05.31"]
[SourceVersion "1"]
[SourceVersionDate "2022.05.31"]
[SourceQuality "1"]

1. d4 Nf6 2. c4 e6 3. Nf3 Bb4+ 4. Bd2 a5 5. a3 Bxd2+ 6. Qxd2 b6 7. Nc3 d5 8. cxd5 exd5 9. g3 0-0 10. Bg2 Re8 11. Qc2 g6 12. 0-0 Bf5 13. Qb3 c6 14. Ne5 Ra7 15. Rac1 b5 16. e3 Ng4 17. Nxc6 Nxc6 18. Nxb5 Qb8 19. Rxc6 a4 20. Qxd5 Ra5 21. Rc5 Bd3 22. Nd6 Rxc5 23. Qxf7+ Kh8 24. Nxe8 1-0

[Event "Rochefort op-A 19th"]
[Site "Rochefort"]
[Date "2020.02.22"]
[Round "4"]
[White "Marie, Maxime"]
[Black "Sabatier, Mathis"]
[Result "0-1"]
[WhiteElo "2239"]
[BlackElo "2089"]
[PlyCount "72"]
[EventDate "2020.02.22"]
[EventType "swiss"]
[EventRounds "9"]
[EventCountry "FRA"]
[SourceTitle "CBM 195 Extra"]
[Source "ChessBase"]
[SourceDate "2020.05.31"]
[SourceVersion "1"]
[SourceVersionDate "2020.05.31"]
[SourceQuality "1"]

1. c4 c5 2. g3 Nc6 3. Bg2 g6 4. e3 Bg7 5. Ne2 e5 6. Nbc3 Nge7 7. a3 0-0 8. 0-0 d6 9. h3 Be6 10. Nd5 Qd7 11. Kh2 Rab8 12. Nec3 f5 13. d3 a6 14. Rb1 b5 15. b4 bxc4 16. dxc4 e4 17. b5 Ne5 18. bxa6 Rxb1 19. Nxb1 Nxc4 20. Nxe7+ Qxe7 21. Nd2 Nxd2 22. Bxd2 Bc4 23. Qa4 Bxf1 24. Bxf1 d5 25. Bb5 Qa7 26. Bc6 d4 27. Bb7 h5 28. Qd7 Kh7 29. Qc7 Rf6 30. Kg2 Rxa6 31. Qc8 Rd6 32. a4 Qxa4 33. Qxc5 Qd7 34. Bb4 d3 35. Bc8 Qc6 36. Qa7 d2 0-1

[Event "Porticcio op 5th"]
[Site "Porticcio"]
[Date "2018.06.30"]
[Round "1"]
[White "Marie, Maxime"]
[Black "Cornette, Matthieu"]
[Result "0-1"]
[WhiteElo "2173"]
[BlackElo "2597"]
[PlyCount "48"]
[EventDate "2018.06.30"]
[EventType "swiss"]
[EventRounds "9"]
[EventCountry "FRA"]
[SourceTitle "CBM 185 Extra"]
[Source "ChessBase"]
[SourceDate "2018.07.29"]
[SourceVersion "1"]
[SourceVersionDate "2018.07.29"]
[SourceQuality "1"]

1. c4 b6 2. e4 Bb7 3. Nc3 e5 4. g3 f5 5. Bg2 Nf6 6. d3 fxe4 7. Nge2 Bc5 8. 0-0 0-0 9. h3 Rf7 10. g4 Nc6 11. dxe4 Ne8 12. Nd5 Nd6 13. Qd3 Ba6 14. b3 b5 15. Ne3 bxc4 16. Nxc4 Nxc4 17. bxc4 Na5 18. Ba3 Bxc4 19. Qc3 Bb6 20. Ng3 Bxf1 21. Rxf1 Nc6 22. Nf5 Kh8 23. Qc4 Qe8 24. h4 Qe6 0-1

[Event "FRA-chT Top 12"]
[Site "Chartres"]
[Date "2017.05.27"]
[Round "10.8"]
[White "Marie, Maxime"]
[Black "Haussernot, Cecile"]
[Result "1-0"]
[WhiteElo "2177"]
[BlackElo "2099"]
[PlyCount "67"]
[EventDate "2017.05.18"]
[EventType "team-tourn"]
[EventRounds "11"]
[EventCountry "FRA"]
[SourceTitle "CBM 178 Extra"]
[Source "ChessBase"]
[SourceDate "2017.06.22"]
[SourceVersion "1"]
[SourceVersionDate "2017.06.22"]
[SourceQuality "1"]
[WhiteTeam "Lisieux"]
[BlackTeam "Mulhouse Philidor"]
[WhiteTeamCountry "FRA"]
[BlackTeamCountry "FRA"]

1. c4 c5 2. g3 Nc6 3. Bg2 g6 4. e3 Bg7 5. Ne2 e6 6. Nbc3 Nge7 7. Ne4 d6 8. h4 h5 9. a3 0-0 10. Rb1 Ne5 11. d3 d5 12. Nxc5 b6 13. Na4 Ba6 14. b3 dxc4 15. dxc4 Nd3+ 16. Kf1 Nc5 17. Nb2 Qxd1+ 18. Nxd1 Rad8 19. Ke1 Rd3 20. b4 Rfd8 21. Nb2 Bxb2 22. Bxb2 Na4 23. Bf6 Bxc4 24. Bxe7 Rd2 25. Bf3 R8d7 26. Bf6 Ra2 27. Rd1 Rxd1+ 28. Kxd1 Bb3+ 29. Kc1 Bc4 30. Rd1 Bd5 31. e4 Rxa3 32. exd5 Rxf3 33. d6 Rxf6 34. d7 1-0

[Event "Lille Luce op 6th"]
[Site "Lille"]
[Date "2015.05.04"]
[Round "1"]
[White "Griffon, Olivier"]
[Black "Marie, Maxime"]
[Result "0-1"]
[WhiteElo "1907"]
[BlackElo "2228"]
[PlyCount "62"]
[EventDate "2015.05.04"]
[EventType "swiss"]
[EventRounds "9"]
[EventCountry "FRA"]
[SourceTitle "EXT 2017"]
[Source "ChessBase"]
[SourceDate "2016.10.25"]
[SourceVersion "1"]
[SourceVersionDate "2016.10.25"]
[SourceQuality "1"]

1. e4 c5 2. c3 g6 3. d4 cxd4 4. cxd4 d5 5. e5 Bg7 6. Nc3 Nc6 7. h4 h5 8. Be3 Nh6 9. Bxh6 Bxh6 10. Bb5 0-0 11. g3 Bf5 12. f4 Nb4 13. Rc1 Qa5 14. Qd2 Rac8 15. Nge2 a6 16. Nxd5 Rxc1+ 17. Nxc1 Nc2+ 18. Kd1 Qxd2+ 19. Kxd2 Nxd4 20. Nxe7+ Kh7 21. Bc4 Rd8 22. Kc3 Be6 23. Bxe6 Nxe6 24. f5 gxf5 25. Nd3 Nd4 26. Nf4 Bxf4 27. gxf4 Rd7 28. Kc4 b5+ 29. Kb4 Rxe7 30. Ka5 Re6 31. Rd1 Ne2 0-1

[Event "Krakow op-A 25th"]
[Site "Krakow"]
[Date "2015.01.04"]
[Round "9"]
[White "Marie, Maxime"]
[Black "Gasik, Anna"]
[Result "1-0"]
[WhiteElo "2232"]
[BlackElo "2183"]
[PlyCount "77"]
[EventDate "2014.12.27"]
[EventType "swiss"]
[EventRounds "9"]
[EventCountry "POL"]
[SourceTitle "CBM 164 Extra"]
[Source "ChessBase"]
[SourceDate "2015.03.02"]
[SourceVersion "1"]
[SourceVersionDate "2015.03.02"]
[SourceQuality "1"]

1. e4 Nf6 2. Nc3 d5 3. exd5 Nxd5 4. Bc4 Nxc3 5. Qf3 e6 6. dxc3 Bd7 7. Qg3 c5 8. Nf3 Nc6 9. Bf4 Qb6 10. 0-0-0 0-0-0 11. Ng5 Be8 12. Nxe6 fxe6 13. Bxe6+ Bd7 14. Rxd7 Rxd7 15. Qg4 Nb8 16. Rd1 Qc6 17. Bxb8 Kxb8 18. Rxd7 Bd6 19. Rxg7 Rf8 20. Rg8 Qe8 21. Rxf8 Qxf8 22. Qg8 Qxg8 23. Bxg8 Bxh2 24. Bxh7 Bg1 25. f3 Kc7 26. Kd2 Kd6 27. f4 b6 28. Kd3 Bh2 29. Ke4 Bg3 30. Bg8 Be1 31. Ke3 Bg3 32. Bc4 a5 33. a4 Bh4 34. g4 Be1 35. g5 Bh4 36. Kf3 Be1 37. Kg4 Ke7 38. f5 Bd2 39. f6+ 1-0

[Event "Krakow op-A 25th"]
[Site "Krakow"]
[Date "2014.12.30"]
[Round "5"]
[White "Marie, Maxime"]
[Black "Kyc, Jerzy"]
[Result "1-0"]
[WhiteElo "2232"]
[BlackElo "2021"]
[PlyCount "69"]
[EventDate "2014.12.27"]
[EventType "swiss"]
[EventRounds "9"]
[EventCountry "POL"]
[SourceTitle "CBM 164 Extra"]
[Source "ChessBase"]
[SourceDate "2015.03.02"]
[SourceVersion "1"]
[SourceVersionDate "2015.03.02"]
[SourceQuality "1"]

1. Nf3 Nf6 2. g3 d5 3. Bg2 g6 4. 0-0 Bg7 5. d3 c5 6. Nbd2 Nc6 7. e4 0-0 8. exd5 Nxd5 9. Re1 e5 10. c3 Re8 11. Nb3 b6 12. d4 cxd4 13. cxd4 e4 14. Ne5 Nxe5 15. dxe5 Rxe5 16. Rxe4 Rxe4 17. Bxe4 Bb7 18. h4 Qe8 19. Qf3 Qe6 20. Bd2 f5 21. Bd3 Bxb2 22. Rb1 Qe5 23. Bc4 Rc8 24. Qd3 Rd8 25. Bg5 Rd7 26. Bf4 Qg7 27. Qe2 Ba3 28. Qe8+ Bf8 29. Nc5 Re7 30. Qd8 Qd4 31. Bh6 Rf7 32. Bxf8 h5 33. Bg7+ Kxg7 34. Ne6+ Kh6 35. Nxd4 1-0

[Event "Krakow op-A 25th"]
[Site "Krakow"]
[Date "2014.12.29"]
[Round "4"]
[White "Bernadskiy, Vitaliy"]
[Black "Marie, Maxime"]
[Result "1-0"]
[WhiteElo "2556"]
[BlackElo "2232"]
[PlyCount "37"]
[EventDate "2014.12.27"]
[EventType "swiss"]
[EventRounds "9"]
[EventCountry "POL"]
[SourceTitle "CBM 164 Extra"]
[Source "ChessBase"]
[SourceDate "2015.03.02"]
[SourceVersion "1"]
[SourceVersionDate "2015.03.02"]
[SourceQuality "1"]

1. d4 Nf6 2. c4 e6 3. Nc3 Bb4 4. e3 c5 5. Nge2 cxd4 6. exd4 d5 7. a3 Be7 8. Nf4 0-0 9. cxd5 exd5 10. Bd3 Nc6 11. 0-0 Re8 12. h3 a6 13. Be3 b5 14. Qf3 Bb7 15. Nfxd5 Nxd5 16. Qxd5 Bf6 17. Rad1 Qe7 18. Qe4 Qxe4 19. Bxe4 1-0

[Event "Krakow op-A 25th"]
[Site "Krakow"]
[Date "2014.12.27"]
[Round "1"]
[White "Marie, Maxime"]
[Black "Jakubowski, Krzysztof"]
[Result "0-1"]
[WhiteElo "2232"]
[BlackElo "2560"]
[PlyCount "34"]
[EventDate "2014.12.27"]
[EventType "swiss"]
[EventRounds "9"]
[EventCountry "POL"]
[SourceTitle "CBM 164 Extra"]
[Source "ChessBase"]
[SourceDate "2015.03.02"]
[SourceVersion "1"]
[SourceVersionDate "2015.03.02"]
[SourceQuality "1"]

1. c4 e5 2. g3 Nc6 3. Bg2 g6 4. Nc3 Bg7 5. e3 d6 6. Nge2 h5 7. h4 Bg4 8. d3 Qd7 9. Rb1 Nge7 10. b4 0-0 11. Nd5 Rae8 12. Qa4 Bxe2 13. Nxe7+ Rxe7 14. Bxc6 Qg4 15. Qc2 Bxd3 16. Qxd3 bxc6 17. Qe2 Qe4 0-1

[Event "EU-ch rapid"]
[Site "Wroclaw"]
[Date "2014.12.20"]
[Round "5"]
[White "Berzinsh, Roland"]
[Black "Marie, Maxime"]
[Result "1-0"]
[WhiteElo "2395"]
[BlackElo "2232"]
[PlyCount "67"]
[EventDate "2014.12.20"]
[EventType "swiss (rapid)"]
[EventRounds "11"]
[EventCountry "POL"]
[SourceTitle "CBM 164 Extra"]
[Source "ChessBase"]
[SourceDate "2015.03.02"]
[SourceVersion "1"]
[SourceVersionDate "2015.03.02"]
[SourceQuality "1"]

1. e4 c5 2. Nf3 Nc6 3. d4 cxd4 4. Nxd4 Nf6 5. Nc3 e5 6. Ndb5 d6 7. a4 a6 8. Na3 Be7 9. Bg5 Be6 10. Bxf6 Bxf6 11. Bc4 0-0 12. 0-0 Rc8 13. Nd5 Bg5 14. c3 Ne7 15. Qd3 Kh8 16. Rad1 Ng6 17. Ne3 Qf6 18. Bxe6 fxe6 19. Nac4 Nf4 20. Qc2 Qg6 21. Nxd6 Rcd8 22. Kh1 Qh5 23. Ndc4 Rxd1 24. Qxd1 Ne2 25. g4 Qh3 26. Qxe2 b5 27. axb5 axb5 28. Nxe5 Bxe3 29. Nd3 h5 30. Rg1 Bb6 31. Rg3 Qh4 32. Kg2 Qd8 33. Ne5 Qf6 34. Rf3 1-0

[Event "Avoine op 29th"]
[Site "Avoine"]
[Date "2014.07.20"]
[Round "2"]
[White "Brehier, William"]
[Black "Marie, Maxime"]
[Result "0-1"]
[WhiteElo "1933"]
[BlackElo "2211"]
[PlyCount "64"]
[EventDate "2014.07.19"]
[EventType "swiss"]
[EventRounds "9"]
[EventCountry "FRA"]
[SourceTitle "CBM 161 Extra"]
[Source "ChessBase"]
[SourceDate "2014.08.29"]
[SourceVersion "1"]
[SourceVersionDate "2014.08.29"]
[SourceQuality "1"]

1. Nf3 g6 2. c4 Bg7 3. g3 Nf6 4. Bg2 0-0 5. 0-0 d6 6. d4 Nc6 7. Nc3 a6 8. h3 Rb8 9. a4 e5 10. Be3 Bf5 11. Rc1 Re8 12. Re1 Ne4 13. d5 Ne7 14. Nxe4 Bxe4 15. b4 Nf5 16. Bd2 b5 17. Ng5 Bxg2 18. Kxg2 e4 19. h4 h6 20. Nh3 e3 21. Bc3 exf2 22. Kxf2 Ne3 23. Qd3 bxc4 24. Qd2 Re4 25. Bxg7 Kxg7 26. Nf4 Qf6 27. Kg1 Rbe8 28. Rc3 Rd4 29. Qc1 Rxf4 30. Rxe3 Qd4 31. Qc3 Rxe3 32. Qxd4+ Rxd4 0-1

[Event "Nantes op 12th"]
[Site "Nantes "]
[Date "2013.12.27"]
[Round "1"]
[White "Giraud, Thierry"]
[Black "Marie, Maxime"]
[Result "0-1"]
[WhiteElo "1853"]
[BlackElo "2168"]
[PlyCount "60"]
[EventDate "2013.12.27"]
[EventType "swiss"]
[EventRounds "7"]
[EventCountry "FRA"]
[SourceTitle "CBM 158 Extra"]
[Source "ChessBase"]
[SourceDate "2014.02.28"]
[SourceVersion "1"]
[SourceVersionDate "2014.02.28"]
[SourceQuality "1"]

1. d4 Nf6 2. Bf4 e6 3. e3 Be7 4. Bd3 c5 5. c3 Nc6 6. Nd2 d6 7. Ngf3 Nh5 8. Bg3 a6 9. Qc2 b5 10. dxc5 dxc5 11. Bxh7 g6 12. Bxg6 Nxg3 13. fxg3 fxg6 14. Qxg6+ Kd7 15. 0-0-0 Kc7 16. Ne4 Qg8 17. Qxg8 Rxg8 18. h3 e5 19. g4 Be6 20. Kb1 a5 21. Rd2 a4 22. Ng3 Na5 23. Rhd1 Nc4 24. Rd3 a3 25. bxa3 Rxa3 26. Nd2 Nb6 27. Nf3 Rxa2 28. R1d2 Rga8 29. Rxa2 Bxa2+ 30. Kc1 Bb3 0-1

[Event "Avoine op 28th"]
[Site "Avoine"]
[Date "2013.07.24"]
[Round "5"]
[White "Marie, Maxime"]
[Black "Vidal, Llewellyn"]
[Result "0-1"]
[WhiteElo "2214"]
[BlackElo "2081"]
[PlyCount "114"]
[EventDate "2013.07.20"]
[EventType "swiss"]
[EventRounds "9"]
[EventCountry "FRA"]
[SourceTitle "CBM 155 Extra"]
[Source "ChessBase"]
[SourceDate "2013.08.26"]
[SourceVersion "1"]
[SourceVersionDate "2013.08.26"]
[SourceQuality "1"]

1. e4 c5 2. Nf3 d6 3. d4 Nf6 4. Nc3 cxd4 5. Nxd4 g6 6. Be2 Bg7 7. Be3 0-0 8. Nb3 Nc6 9. 0-0 a5 10. a4 Be6 11. f4 Qc8 12. h3 Nb4 13. Bf3 Rd8 14. Bb6 Nd7 15. Bxd8 Qxd8 16. Kh2 Rc8 17. Qd2 Bc4 18. Rfc1 Bxb3 19. cxb3 Nc5 20. Ra3 Ncd3 21. Rf1 Nxb2 22. e5 dxe5 23. Qxb2 exf4 24. Rd1 Qc7 25. Bg4 e6 26. Qe2 Qxc3 27. Raa1 Qe3 28. Qxe3 fxe3 29. Rac1 Rxc1 30. Rxc1 Bd4 31. Kg1 b6 32. Kf1 Bc5 33. Ke2 Kf8 34. Bf3 Nd5 35. Kd3 Ke7 36. Kc4 Nf4 37. h4 Nh5 38. g4 Ng7 39. Re1 Ne8 40. Kd3 Nd6 41. Rc1 f5 42. b4 axb4 43. a5 e5 44. gxf5 gxf5 45. Bb7 e4+ 46. Ke2 b3 47. a6 Nb5 48. Ke1 b2 49. Rb1 Bd4 50. Bc6 Na7 51. Bd5 Kd6 52. Bg8 f4 53. Bxh7 Ke5 54. h5 f3 55. h6 Bc3+ 56. Kd1 e2+ 57. Kc2 f2 0-1

[Event "Naujac op"]
[Site "Naujac"]
[Date "2013.07.05"]
[Round "7"]
[White "Zobel, Andrej"]
[Black "Marie, Maxime"]
[Result "0-1"]
[WhiteElo "2035"]
[BlackElo "2214"]
[PlyCount "86"]
[EventDate "2013.06.30"]
[EventType "swiss"]
[EventRounds "9"]
[EventCountry "FRA"]
[SourceTitle "CBM 155 Extra"]
[Source "ChessBase"]
[SourceDate "2013.08.26"]
[SourceVersion "1"]
[SourceVersionDate "2013.08.26"]
[SourceQuality "1"]

1. d4 Nf6 2. c4 e6 3. Nc3 Bb4 4. f3 d5 5. a3 Be7 6. e4 dxe4 7. fxe4 e5 8. d5 a5 9. Nf3 Nbd7 10. Bd3 Bc5 11. Qe2 Qe7 12. Bd2 a4 13. Nb5 Nf8 14. Bc2 Ng6 15. 0-0-0 0-0 16. Rhf1 Ne8 17. Ne1 Bd7 18. Nd3 Bxb5 19. Nxc5 Qxc5 20. cxb5 Nd6 21. Bb4 Qb6 22. g3 Rfd8 23. Bd3 Nf8 24. Kb1 Nd7 25. Rc1 Rac8 26. Rc3 Re8 27. Rfc1 f5 28. exf5 e4 29. Bc4 Ne5 30. Bxd6 cxd6 31. Ba2 Rxc3 32. Rxc3 Qd4 33. Ka1 Nd3 34. Rc4 Qe5 35. Rxa4 Qxf5 36. Bb1 Nc5 37. Rb4 Qe5 38. Qe3 g6 39. Ba2 Rf8 40. Rc4 Rf3 41. Qh6 Rf1+ 42. Rc1 Rf2 43. Rc3 Rxb2 0-1